Gemeindefreiheit - kommunale selbstverwaltung: nachdruck und würdigung

Salvato in:
Dettagli Bibliografici
Autori principali: Gasser, Adolf (Autore), Knemeyer, Franz-Ludwig (Autore)
Natura: Libro
Lingua:tedesco
Pubblicazione: Múnich Nymphenburger 1983
Edizione:2a. ed
Serie:Studien zur Soziologie, 4
Soggetti:
Tags: Aggiungi Tag
Nessun Tag, puoi essere il primo ad aggiungerne!!

MARC

LEADER 00000cam a2200000 a 4500
001 UCD4138
003 CL-VaPUC
008 160623e19830000gw |||||||||||||||||ger|d
020 |a 485030902 
082 0 4 |a 320.01  |b GAS  |2 21 
100 0 |a Gasser, Adolf  |e author  |9 587757 
700 0 |a Knemeyer, Franz-Ludwig  |e author  |9 587758 
245 1 0 |a Gemeindefreiheit - kommunale selbstverwaltung: nachdruck und würdigung 
250 |a 2a. ed 
300 |a 302 p 
942 |c BK 
945 |d 20160623 20:48:00  |a arojas 
260 |a Múnich  |b Nymphenburger  |c 1983 
650 0 |a Libertad  |9 255686 
650 0 |a Autonomía  |9 374048 
650 7 |a POLITICA EUROPEA  |2 CL-VaPUC  |9 467163 
651 0 |a Europa  |9 255156 
583 |a last modification  |c 20160623 20:48:00  |k Rodrigo Vera 
490 0 |a Studien zur Soziologie, 4 
999 |c 365080  |d 365078 
952 |0 0  |1 0  |3 erb  |4 0  |6 320_010000000000000_GAS_1983  |7 0  |8 A  |9 478782  |a FDOHBE  |b FDOHBE  |e Huesbe Llanos, Marco Antonio, 1934-  |i 533330K  |o 320.01 GAS 1983  |p 533330K  |r 2024-01-30  |w 2019-11-24  |y BK  |z Catalogado en:20160623  |k HBE 
952 |0 0  |1 0  |3 erb  |4 0  |6 320_010000000000000_GAS_1983  |7 0  |8 A  |9 478783  |a FDOHBE  |b FDOHBE  |e Huesbe Llanos, Marco Antonio, 1934-  |i 5333318  |o 320.01 GAS 1983  |p 5333318  |r 2024-01-30  |w 2019-11-24  |y BK  |z Catalogado en:20160623  |k HBE